| 000 | 01296nam a22002657a 4500 | ||
|---|---|---|---|
| 001 | 7572 | ||
| 003 | FISKH | ||
| 005 | 20250724111004.0 | ||
| 008 | 250724b cb ||||| |||| 00| 0 eng d | ||
| 020 | _a9780194643788 | ||
| 040 |
_aFISKH _beng _cFISKH _dFISKH |
||
| 050 | _aPE1126.A4 P4666 | ||
| 082 | _a428.6 | ||
| 100 | _aPenn, Julie | ||
| 245 |
_aFree time around the world / _cBy Julie Penn |
||
| 250 | _aFirst pulbished 2010 | ||
| 260 |
_aOxford : _bOxford University Press , _c2010. |
||
| 300 |
_a48 pages : _bcolor illustrations ; _c21 cm . |
||
| 505 | _aR | ||
| 520 | _aThis exciting new series of non-fiction readers provides interesting and educational content, with activities and project work. The readers are graded at four levels, from 3 to 6, suitable for students from age 8 and older. They can support Content and Language Integrated Learning (CLIL), andcover a broad range of topics, within three curriculum areas:The World of Science and TechnologyThe Natural WorldThe World of Arts and Social StudiesAlso available for each reader:Activity BookAudio CD Pack (Reader and Audio CD)Teacher's Notes and CLIL guidance at www.oup.com/elt/readanddiscover | ||
| 521 | 8 |
_a750
_bLexile estimate |
|
| 521 | 8 |
_aR
_bRaz-Plus |
|
| 942 |
_2ddc _cBK _n0 |
||
| 999 |
_c7572 _d7572 |
||